000 00308nam a22001337a 4500
008 170817b xxu||||| |||| 00| 0 eng d
020 _a9781412969314
041 _aeng
080 _a311
100 _a36
101 _aSTA
245 _aSTATISTICS FOR BEHAVIOR SCIENCES
_cPRIVITERA.G.J
942 _2udc
_cBK
999 _c23986
_d23986